Golf General Knowledge Quiz #1 - Statistics

General Stats
  • This quiz has been taken 28 times
  • The average score is 7 of 15
Answer Stats
Hint Answer % Correct
Who won the 2018 TOUR Championship? Tiger Woods
96%
Who won back to back PLAYERS Championships in 2023-2024? Scottie Scheffler
71%
How many PGA Championships has Tiger Woods won? 4
63%
Who won the 1986 Masters? Jack Nicklaus
63%
Who won the 2004 Masters Tournament? Phil Mickelson
58%
Who won the 2013 Masters? Adam Scott
54%
Who won back to back U.S Opens in 2017-2018? Brooks Koepka
54%
Who won the 2015 U.S Open? Jordan Spieth
42%
Who won the 2017 PGA Championship? Justin Thomas
38%
Which golfer has the lowest 72 hole score in Masters Tournament history? Dustin Johnson
33%
Which golfer lost a 6-shot lead in the final round of the 1996 Masters? Greg Norman
33%
Who won the 2019 U.S Open? Gary Woodland
25%
Who holds the record for most Ryder Cup points won? Sergio Garcia
17%
Which golf course has hosted the most U.S Opens? Oakmont Country Club
13%
Who won the 2014 PLAYERS Championship? Rickie Fowler
8%
No matching quizzes found
Score Distribution
Percent of People with Each Score
Percentile by Number Answered
Your Score History
You have not taken this quiz